000 00550nam a2200229Ia 4500
003 OSt
005 20220924145532.0
006 a|||||r|||| 00| 0
007 ta
008 PER
024 _a329187
037 _cTextual
040 _aARTS
_cARTS
_bPER
041 _2PER
_aPER
082 _aP164,3, L2
100 _aKaya Sadiq Au.
_9506
245 0 _aWarza hai maarib dar sirah
260 _c1972
650 _aPERSIAN LANGUAGE - GRAMMAR
_9189696
942 _hP164,3, L2
_cTEXL
_2CC
999 _c460402
_d460402